I will survive - Gloria Gaynor - Lyrics - Statistiques

Statistiques générales
  • Ce quiz a été pris 105 fois
  • Le résultat moyen est 216 sur 351
Statistiques - réponses
Réponse % Correct
I
100%
was
95%
will
90%
petrified
89%
survive
89%
you
89%
affraid
88%
first
88%
my
88%
side
85%
by
83%
and
82%
so
80%
with
79%
me
78%
the
78%
no
77%
out
77%
then
77%
think
77%
At
76%
live
74%
wrong
74%
could
73%
how
73%
but
72%
did
72%
nights
72%
thinkin
72%
without
72%
to
71%
your
71%
back
70%
many
70%
go
67%
never
67%
door
65%
not
65%
spent
65%
you're
65%
space
63%
be
62%
know
62%
now
61%
walk
61%
from
60%
in
60%
that
60%
strong
59%
welcome
59%
who
59%
anymore
57%
have
57%
love
57%
face
56%
get
55%
grew
55%
just
55%
up
55%
cause
54%
Oh
54%
stupid
54%
all
52%
around
52%
should
52%
along
51%
look
51%
turn
51%
one
50%
crumble
49%
life
49%
alive
48%
I'll
48%
I'm
48%
leave
48%
for
46%
I'd
46%
long
46%
upon
46%
as
45%
give
45%
outer
45%
got
44%
here
44%
key
44%
see
44%
down
43%
lock
43%
sad
43%
second
43%
changed
41%
I've
41%
kept
41%
still
41%
lay
40%
of
40%
had
39%
cry
38%
if
38%
made
38%
new
38%
somebody
38%
tried
38%
walked
38%
find
37%
you'd
37%
bother
35%
stay
35%
die
34%
goodbye
34%
known
34%
heart
33%
learnt
33%
weren't
32%
feel
30%
high
30%
myself
30%
used
30%
hurt
29%
It
29%
sorry
29%
broken
28%
head
28%
expect
27%
fall
27%
apart
26%
feelin
26%
free
26%
lovin
26%
little
24%
pieces
24%
someone
24%
who's
23%
Hey
22%
hey
22%
person
22%
strenght
20%
took
20%
break
18%
trying
18%
savin
17%
hard
16%
like
16%
held
13%
mend
12%
chained
10%
droppin
7%
Aucun quiz correspondant
Distribution des résultats
% des personnes avec chaque résultat
Percentile par nombre de réponses
Votre historique - résultats
Vous n’avez pas pris ce quiz